000 00413nam a2200145Ia 4500
008 210716s2001 xx 000 0 und d
020 _a9221108457
041 _aeng
082 _a658.30082 WIRL
100 _aWirth, Linda.
245 _aBreaking through the glass ceiling: women in management.
_bWomen in management.
250 _a1
260 _aGeneva
_bInternational labour office
_c2001
300 _axvi,186
999 _c200757
_d200757